000 00444nam a2200145Ia 4500
003 OSt
005 20260202105227.0
008 211028s2019 xx 000 0 und d
040 _cAIMIT LIBRARY
041 _aeng
100 _aNaik, Ajay, Keshav;Kamath, T Ramesh.
_g1716011
_97992
245 _aImproving customer relationship through loyalty program at brand factory Mangalore /
260 _aMangalore
_bSwapna Rose
_c2019
942 _2ddc
_cPRO
999 _c219560
_d219560